000
00331nam a2200121 a 4500
005
20140414131919.0
008
101021s19uu xx 00 eng d
050
_a
ER
_b
F44 2005
100
_a
Metzger, Steve
245
_a
Five spooky ghosts playing tricks at school.
260
_a
New York :
_b
Scholastic ,
_c
2005.
999
_c
111643
_d
111643